| 000 | 00817nam a22002057a 4500 | ||
|---|---|---|---|
| 008 | 170712s2012 enk||||| |||| 00| 0 eng d | ||
| 020 | _a9781849761390 | ||
| 082 | 0 | 4 |
_a770.92 _bM862d |
| 100 | 1 |
_aBaker, Simon. _95866 |
|
| 245 | 1 | 0 |
_aDaido Moriyama / _ceditado por Simon Baker. |
| 250 | _a1a edición. | ||
| 260 |
_aLondres : _bTate Publishing, _c2012. |
||
| 300 |
_a224 páginas : _bilustraciones en color. |
||
| 505 | 0 |
_tDaido Moriyama: in light and shadow _rSimon Baker. _t'Grainy, blurry, out-o-focus': Daido Moriyama's farewell photography _rMinoru Shimizu. _tThe myth of the city _rKoji Taki. _tPlates. _tNotes. _tChronology. _tSelect bibliography. _tList of works. |
|
| 653 | 1 | 0 | _aFotografía |
| 653 | 1 | 0 | _aFotógrafos - Japón |
| 653 | 1 | 0 | _aArte urbano |
| 653 | 1 | 0 | _aArtistas urbanos |
| 653 | 1 | 0 | _aFlou artístico |
| 999 |
_c1229 _d1229 |
||